| 000 | 00752nam a2200253 i 4500 | ||
|---|---|---|---|
| 001 | 9144 | ||
| 003 | ES-MaACL | ||
| 005 | 20250807232510.0 | ||
| 007 | t| | ||
| 008 | 930519s1992 sp ||||1| spa d | ||
| 020 | _a8478390863 | ||
| 080 | _a86-14"19" | ||
| 080 | _a86(Andres,E.7 T.01) | ||
| 100 | 1 |
_aAndrés, Elena, _d1929-2011 _921571 |
|
| 245 | 1 | 0 |
_aTalismán de identidad / _cElena Andrés. |
| 250 | _a[1 ed.]. | ||
| 260 |
_aMadrid : _bTorresmozas, _c1992. |
||
| 300 |
_a86 p. : _bret. autora ; _c21 cm. |
||
| 490 | 1 |
_aColección Torremozas de poesía de mujeres ; _v87 |
|
| 830 | 0 | 0 |
_aColección Torremozas de poesía de mujeres _v87 _9177494 |
| 852 |
_aES-MaACL _jL-16595 _bR.120976 |
||
| 942 | _2udc | ||
| 999 |
_c9144 _d9144 |
||